| 000 | 00577nam a22001817a 4500 | ||
|---|---|---|---|
| 999 |
_c186303 _d186303 |
||
| 005 | 20220222123620.0 | ||
| 010 | _aENG-131736 | ||
| 020 |
_a9789383640256 _c299.00 |
||
| 035 | _aEN-115268 | ||
| 037 | _bDBAD | ||
| 082 | _a005.13 | ||
| 245 |
_aProblem Solving in 'C'/ _cT. Venkateswarlu et.al. |
||
| 260 |
_aHyderabad _bSpectrum Techno Press _c2021 |
||
| 270 |
_a# 326/C, Level-2, Surneni Nilayam Near B K Guda Park, S R Nagar _bHyderabad _e500038 |
||
| 300 |
_axvi, 384p. _c24cm(pbk) |
||
| 700 | _aVenkateswarlu, T. et.al. | ||
| 942 |
_2ddc _cEN _h005.13 _mVEN |
||